Economic guide to India I. (Record no. 77252)

MARC details
000 -LEADER
fixed length control field 00403nam a2200145Ia 4500
008 - FIXED-LENGTH DATA ELEMENTS--GENERAL INFORMATION
fixed length control field 210210b1956 xxu||||| |||| 00| 0 eng d
082 ## - DEWEY DECIMAL CLASSIFICATION NUMBER
Classification number 090/102
100 ## - MAIN ENTRY--PERSONAL NAME
Personal name TATA IRON AND STEEL COMPANY LTD.
245 ## - TITLE STATEMENT
Title Economic guide to India I.
260 ## - PUBLICATION, DISTRIBUTION, ETC.
Place of publication, distribution, etc. Calcutta
Name of publisher, distributor, etc. Tata Iron and Steel Company Limited
Date of publication, distribution, etc. 1956
300 ## - PHYSICAL DESCRIPTION
Extent 12
650 ## - SUBJECT ADDED ENTRY--TOPICAL TERM
Topical term or geographic name entry element Map Cofee Coal Rubber Sugar
690 ## - LOCAL SUBJECT ADDED ENTRY--TOPICAL TERM (OCLC, RLIN)
Topical term or geographic name as entry element Economics
906 ## - LOCAL DATA ELEMENT F, LDF (RLIN)
a 000739
Holdings
Withdrawn status Lost status Damaged status Not for loan Collection code Home library Current library Shelving location Date acquired Cost, normal purchase price Total Checkouts Full call number Barcode Date last seen Price effective from Koha item type
          St Aloysius Library St Aloysius Library   02/17/2021 0.00   090/102 000739 02/17/2021 02/17/2021 Book